Tilastot visalle Kylmimmät valtiot

Klikkaa tästä pelataksesi tätä visaa!

Yleistilastot

  • Tätä visaa on pelattu 611 kertaa
  • Keskiarvotulos 16 / 20

Vastaustilastot

° CValtio% Oikein
2,6Suomi
100%
-3,8Venäjä
100%
2,7Norja
99%
3,4Ruotsi
99%
-4,5Kanada
97%
2,3Islanti
96%
6,4Viro
93%
6,9Latvia
91%
7,3Liettua
91%
0,8Mongolia
87%
7,3Kazakstan
79%
7,9Kiina
79%
7,3Valko-Venäjä
72%
7,2Pohjois-Korea
66%
6,9Sveitsi
58%
7,6Itävalta
57%
2,8Kirgisia
57%
2,6Tadžikistan
51%
7,5Liechtenstein
43%
5,7Bhutan
40%

Tulosjakauma

Persentiili vastausten määrän mukaan

Jokaisen tuloksen saaneiden osuus

Tuloshistoriasi

Et ole pelannut tätä visaa